[Event "Brest op"]
[Site "Brest"]
[Date "2011.04.23"]
[Round "1"]
[White "Jean, Axel"]
[Black "Guillerm, Mischa"]
[Result "0-1"]
[WhiteElo "1540"]
[BlackElo "1912"]
[PlyCount "110"]
[EventDate "2011.04.23"]
[EventType "swiss"]
[EventRounds "5"]
[EventCountry "FRA"]
[SourceTitle "EXT 2012"]
[Source "ChessBase"]
[SourceDate "2011.11.24"]
[SourceVersion "1"]
[SourceVersionDate "2011.11.24"]
[SourceQuality "1"]

1. e4 c5 2. Nf3 d6 3. c3 Nf6 4. g3 Nc6 5. d3 e6 6. Qe2 Bd7 7. Bh3 Be7 8. Na3 a6 9. Nc2 0-0 10. Bd2 Re8 11. 0-0 e5 12. Bg2 Be6 13. Ng5 Bg4 14. f3 Bh5 15. Nh3 d5 16. g4 Bg6 17. Nf2 d4 18. Rab1 Rc8 19. b3 dxc3 20. Bxc3 Nd4 21. Qd2 Nd7 22. Ne3 Bg5 23. Nh3 Bxe3+ 24. Qxe3 Nf8 25. Rfc1 Nfe6 26. Qf2 b5 27. Bd2 Qd6 28. Kh1 h5 29. Ng1 Nf4 30. Bxf4 exf4 31. Ne2 Nxe2 32. Qxe2 Qd4 33. Rc2 Red8 34. Bf1 hxg4 35. Qg2 gxf3 36. Qxf3 c4 37. bxc4 bxc4 38. Rbc1 c3 39. Qxf4 Re8 40. Rf2 Rb8 41. Qf3 Rb2 42. Rfc2 Rxc2 43. Rxc2 Rxe4 44. Bg2 Re1+ 45. Bf1 Bxd3 46. Rf2 Be4 47. Kg2 Bxf3+ 48. Rxf3 Qe4 49. Kg3 Qxf3+ 50. Kxf3 Rxf1+ 51. Kg2 Rd1 52. a4 c2 53. Kg3 c1Q 54. Kg2 Rg1+ 55. Kh3 Qh6# 0-1

[Event "Bretagne-ch U10"]
[Site "Ploermel"]
[Date "2007.02.16"]
[Round "6"]
[White "Jean, Axel"]
[Black "Le Gallic, Xavier"]
[Result "1/2-1/2"]
[WhiteElo "1440"]
[BlackElo "1510"]
[PlyCount "116"]
[EventDate "2007.02.14"]
[EventType "tourn"]
[EventRounds "6"]
[EventCountry "FRA"]
[SourceTitle "EXT 2008"]
[Source "ChessBase"]
[SourceDate "2007.11.25"]
[SourceVersion "1"]
[SourceVersionDate "2007.11.25"]
[SourceQuality "1"]

1. e4 e5 2. Nf3 Nc6 3. Nc3 Nf6 4. Bc4 Bc5 5. d3 d6 6. 0-0 Bg4 7. h3 Bxf3 8. Qxf3 Nd4 9. Qd1 0-0 10. Be3 c6 11. Ne2 Nxe2+ 12. Qxe2 Bxe3 13. Qxe3 d5 14. exd5 cxd5 15. Bb3 e4 16. Rad1 exd3 17. Rxd3 Re8 18. Qf3 Re5 19. c4 a5 20. cxd5 Qd6 21. Rd4 Qc5 22. Rfd1 Rd8 23. d6 b6 24. a4 Rd7 25. Bc4 Ne8 26. Qa3 Qxa3 27. bxa3 g6 28. Bb5 Rd8 29. Bxe8 Rdxe8 30. d7 Rd8 31. Rd6 b5 32. R1d5 Re4 33. axb5 Rc4 34. b6 Rc1+ 35. Kh2 Rb1 36. Rxa5 Kf8 37. Re5 Ra1 38. b7 Rb1 39. Kg3 Rxb7 40. Red5 Ra7 41. Rd3 Ke7 42. Kf4 h6 43. h4 Rb7 44. g4 Ra7 45. Kf3 Rxa3 46. Rxa3 Kxd6 47. Rd3+ Ke7 48. Kf4 Rxd7 49. Rxd7+ Kxd7 50. Ke5 Ke7 51. g5 h5 52. f4 Kf8 53. Kf6 Kg8 54. f5 gxf5 55. Kxf5 Kg7 56. Ke5 Kg6 57. Kf4 f6 58. gxf6 Kxf6 1/2-1/2

[Event "Bretagne-ch U10"]
[Site "Ploermel"]
[Date "2007.02.15"]
[Round "5"]
[White "Jean, Axel"]
[Black "Perrier, Yann"]
[Result "0-1"]
[WhiteElo "1440"]
[BlackElo "1350"]
[PlyCount "96"]
[EventDate "2007.02.14"]
[EventType "tourn"]
[EventRounds "6"]
[EventCountry "FRA"]
[SourceTitle "EXT 2008"]
[Source "ChessBase"]
[SourceDate "2007.11.25"]
[SourceVersion "1"]
[SourceVersionDate "2007.11.25"]
[SourceQuality "1"]

1. e4 e5 2. Nf3 Nc6 3. Nc3 Nf6 4. Bc4 Bc5 5. d3 d6 6. h3 0-0 7. 0-0 a6 8. Nd5 Nxd5 9. Bxd5 Nb4 10. a3 Nxd5 11. exd5 c6 12. dxc6 bxc6 13. b4 Ba7 14. Rb1 Bb7 15. c4 d5 16. Nxe5 dxc4 17. Nxc4 Qf6 18. Be3 c5 19. Bxc5 Qg6 20. g3 Qc6 21. f3 Bxc5+ 22. bxc5 Qxc5+ 23. Kg2 Qc7 24. Qb3 Rab8 25. Rb2 Bd5 26. Qa2 Qc6 27. Qb1 Qc7 28. Rc1 Rbe8 29. Ne3 Qd7 30. Nxd5 Qxd5 31. Rf1 h6 32. Rff2 Re3 33. Rb3 a5 34. a4 Qd4 35. Rfb2 Rfe8 36. Qa2 Re1 37. Rf2 Rd1 38. Qc2 Qa1 39. f4 Rg1+ 40. Kf3 Ree1 41. d4 h5 42. d5 Qd4 43. Re2 Qxd5+ 44. Re4 Rxe4 45. Rb8+ Re8+ 46. Qe4 Qxe4+ 47. Kf2 Qe2+ 48. Kxg1 Rxb8 0-1

[Event "Bretagne-ch U10"]
[Site "Ploermel"]
[Date "2007.02.14"]
[Round "3"]
[White "Jean, Axel"]
[Black "Houeix, Adrien"]
[Result "1-0"]
[WhiteElo "1440"]
[BlackElo "1330"]
[PlyCount "119"]
[EventDate "2007.02.14"]
[EventType "tourn"]
[EventRounds "6"]
[EventCountry "FRA"]
[SourceTitle "EXT 2008"]
[Source "ChessBase"]
[SourceDate "2007.11.25"]
[SourceVersion "1"]
[SourceVersionDate "2007.11.25"]
[SourceQuality "1"]

1. e4 e5 2. Nf3 Nc6 3. Nc3 Nf6 4. h3 Bc5 5. Nd5 d6 6. Qe2 Be6 7. Qc4 a6 8. a3 Ne7 9. Nxf6+ gxf6 10. Qc3 f5 11. Bc4 Bxc4 12. Qxc4 fxe4 13. Qxe4 Nc6 14. b4 Ba7 15. Bb2 Qe7 16. 0-0 0-0-0 17. Qh4 f6 18. Rfe1 Rdg8 19. d4 Qg7 20. g3 exd4 21. Nxd4 Nxd4 22. Bxd4 Bxd4 23. Qxd4 Rf8 24. Qa7 Qg6 25. Qa8+ Kd7 26. Qxb7 Ra8 27. c3 Qc2 28. Rac1 Qb3 29. Ra1 Rhb8 30. Qf3 Qb2 31. Qxf6 Rf8 32. Qg7+ Kc6 33. Qxh7 Rf6 34. Qe4+ d5 35. Qb1 Qxc3 36. Rc1 Qxc1+ 37. Qxc1+ Kd6 38. Kg2 Ke5 39. Qxc7+ Ke6 40. f3 Raf8 41. f4 R6f7 42. Qc6+ Ke7 43. Qxd5 Rd8 44. Re1+ Kf8 45. Qxd8+ Kg7 46. Re7 Rxe7 47. Qxe7+ Kg8 48. Qe6+ Kf8 49. Qxa6 Kg7 50. Kf3 Kh7 51. Kg4 Kg7 52. Kg5 Kf7 53. h4 Kg7 54. Qa7+ Kf8 55. Kf6 Ke8 56. Ke6 Kf8 57. h5 Kg8 58. Kf6 Kh8 59. Kg6 Kg8 60. Qa8# 1-0

[Event "Bretagne-ch U10"]
[Site "Ploermel"]
[Date "2007.02.14"]
[Round "1"]
[White "Jean, Axel"]
[Black "Le Quillec, Nicolas"]
[Result "0-1"]
[WhiteElo "1440"]
[BlackElo "1610"]
[PlyCount "126"]
[EventDate "2007.02.14"]
[EventType "tourn"]
[EventRounds "6"]
[EventCountry "FRA"]
[SourceTitle "EXT 2008"]
[Source "ChessBase"]
[SourceDate "2007.11.25"]
[SourceVersion "1"]
[SourceVersionDate "2007.11.25"]
[SourceQuality "1"]

1. e4 d5 2. exd5 Qxd5 3. Nc3 Qa5 4. Nf3 c6 5. h3 Nf6 6. d3 Qc7 7. b4 e5 8. Rb1 Bd6 9. Qe2 0-0 10. g3 Be6 11. a3 Bd5 12. Bg2 Re8 13. 0-0 Nbd7 14. b5 a6 15. bxa6 Rxa6 16. Nxd5 Nxd5 17. Rb3 Rb6 18. Bb2 Ra6 19. d4 Raa8 20. c4 exd4 21. Qc2 N5f6 22. Bxd4 Bxa3 23. c5 Ra5 24. Rc3 Rea8 25. Rc4 Nd5 26. Nd2 h6 27. Nb3 Ra4 28. Bxd5 cxd5 29. Rc3 Rc8 30. Rd1 Re8 31. Qf5 Bb4 32. Rf3 Re7 33. Qxd5 Ra8 34. Rc1 Rd8 35. Qc4 Qc6 36. Kg2 Be1 37. Be3 Ne5 38. Qf4 Qxf3+ 39. Qxf3 Nxf3 40. Kxf3 Rd3 41. Nd4 Bxf2 42. Kxf2 Rexe3 43. Nf5 Re4 44. Re1 Rxe1 45. Kxe1 Rc3 46. c6 bxc6 47. h4 Rf3 48. Ne7+ Kf8 49. Nxc6 Rxg3 50. Kf2 Rh3 51. Kg2 Rxh4 52. Ne5 Rf4 53. Kg3 Rf5 54. Nd3 Ke7 55. Kg4 Rf1 56. Kg3 Kd6 57. Kg2 Rf6 58. Kg3 Kd5 59. Ne1 Ke4 60. Kh4 Rg6 61. Kh5 Rg1 62. Nc2 Kf4 63. Ne3 Rh1# 0-1